000 00893nam a22003137a 4500
001 BR6000627
003 BR-BrBNA
005 20230928095522.0
007 ta
008 230509b bl.||||| |||| 00| 0 por d
040 _aBR-BrBNA
_bpor
_cBiblioteca Nacional de Agricultura
041 _a(Por)
072 _aE50
090 _ E50 BR6000627
100 1 _aSilva, J.M.S.
100 1 _aCampos, C. de M.C.
100 1 _aFerreira Filho, E.D.
100 1 _aSoares, M. de L.
245 1 _aAspectos do saneamento e utilizacao da energia eletrica nas sedes municipais, pesquisa polidisciplinar prelazia de pinheiro
260 3 _aSao Luis, MA (Brasil):
_c1975.
300 _a50 p.
500 _aNumerical data
650 _aSociologia Rural
650 _aSaneamento Rural
650 _aEnergia Eletrica
650 _aMaranhao
909 _a202309
_bLucia
_c55
_dLucia Elande
942 _cBK
999 _c57043
_d57043